Nghệ nhân và Margarita (Запись № 13652731)

Подробности
000 -МАРКЕР
контрольное поле 01208nam0a22003491 4500
001 - ИДЕНТИФИКАТОР ЗАПИСИ
контрольное поле RU\NLR\BIBL_A\022775906
005 - ИДЕНТИФИКАТОР ВЕРСИИ
контрольное поле 20260409004244.0
010 ## - МЕЖДУНАРОДНЫЙ СТАНДАРТНЫЙ НОМЕР КНИГИ (ISBN)
Цена 3 р. 20
Тираж 100.570
035 ## - ДРУГИЕ СИСТЕМНЫЕ НОМЕРА
Идентификатор записи (NLR Aleph) 022775906
100 ## - ДАННЫЕ ОБЩЕЙ ОБРАБОТКИ
Данные общей обработки 20260404d1988 u y0rusy50 ca
101 0# - ЯЗЫК РЕСУРСА
Язык текста, звукозаписи и т.д. вьетнамский
102 ## - СТРАНА ПУБЛИКАЦИИ ИЛИ ПРОИЗВОДСТВА
Страна публикации российская федерация
105 ## - ПОЛЕ КОДИРОВАННЫХ ДАННЫХ: ТЕКСТОВЫЕ МАТЕРИАЛЫ, МОНОГРАФИЧЕСКИЕ
Кодированные данные о монографическом текстовом документе y z 000zy
181 #0 - ПОЛЕ КОДИРОВАННЫХ ДАННЫХ: ВИД СОДЕРЖАНИЯ
Код вида содержания (ISBD) i
Код характеристики содержания (ISBD) axxe
182 #0 - ПОЛЕ КОДИРОВАННЫХ ДАННЫХ: ТИП СРЕДСТВА
Код типа средства (ISBD) n - непосредственное
200 1# - ЗАГЛАВИЕ И СВЕДЕНИЯ ОБ ОТВЕТСТВЕННОСТИ
Основное заглавие Nghệ nhân và Margarita
Первые сведения об ответственности Michain Bungacốp
Последующие сведения об ответственности перевод на вьетнам.яз. Đoàn Tử Huyến
Графика поля Другая
Связь между полями a01
203 ## - ВИД СОДЕРЖАНИЯ И ТИП СРЕДСТВА
Вид содержания Текст
Дополнительные сведения об издании визуальный
Тип средства непосредственный
210 ## - ПУБЛИКАЦИЯ, РАСПРОСТРАНЕНИЕ И ДР.
Связь между полями a02
Место издания, распространения и т.д. Mátxcơva
Имя издателя, распространителя и т. д. Cầu vồng
Дата издания, распространения и т.д. 1988
Графика поля Другая
210 ## - ПУБЛИКАЦИЯ, РАСПРОСТРАНЕНИЕ И ДР.
Связь между полями a02
Место издания, распространения и т.д. Москва
Дата издания, распространения и т.д. 1988
Графика поля Кириллица
215 ## - ФИЗИЧЕСКАЯ ХАРАКТЕРИСТИКА
Специфическое обозначение материала и объем 434 с
541 1# - ПЕРЕВОД ЗАГЛАВИЯ, СДЕЛАННЫЙ КАТАЛОГИЗАТОРОМ
Заглавие Мастер и Маргарита. Роман
615 ## - ПРЕДМЕТНАЯ КАТЕГОРИЯ
Начальный элемент ввода вышестоящей предметной категории в текстовой форме Văn học thế kỷ XX
615 ## - ПРЕДМЕТНАЯ КАТЕГОРИЯ
Начальный элемент ввода вышестоящей предметной категории в текстовой форме Nga
615 ## - ПРЕДМЕТНАЯ КАТЕГОРИЯ
Начальный элемент ввода вышестоящей предметной категории в текстовой форме Россия (страна)
700 #1 - ИМЯ ЛИЦА - ПЕРВИЧНАЯ ОТВЕТСТВЕННОСТЬ
Код отношения Автор
Графика поля Кириллица
Материалы, к которым относится поле rus
Начальный элемент ввода Булгаков
Часть имени, кроме начального элемента ввода М. А.
Даты 1891-1940
Расширение инициалов личного имени Михаил Афанасьевич
Системный номер авторитетной/нормативной записи 113525
Идентификатор авторитетной/нормативной записи RU\NLR\AUTH\773529
701 #1 - ИМЯ ЛИЦА - АЛЬТЕРНАТИВНАЯ ОТВЕТСТВЕННОСТЬ
Начальный элемент ввода Доан Ты Хюиен
Код отношения Переводчик
852 ## - МЕСТОНАХОЖДЕНИЕ И ШИФР ХРАНЕНИЯ
Идентификатор организации NLR
Наименование фонда или коллекции (Sub-Location Identifier) ОЛСАА-вьет
Шифр хранения (Call Number) 2-6318
942 ## - ДОПОЛНИТЕЛЬНЫЕ ЭЛЕМЕНТЫ ЗАПИСИ (АБИС)
Тип экземпляра АБИС Книга
980 1# - КОЛЛЕКЦИЯ
Название коллекции
980 ## - КОЛЛЕКЦИЯ
Название коллекции Национальная библиография

Нет доступных экземпляров.